|
|
|
|
| LEADER |
00000naa2a2200000 4500 |
| 001 |
491775 |
| 005 |
20231226090717.0 |
| 035 |
|
|
|a (RuTPU)RU\TPU\prd\160771
|
| 035 |
|
|
|a RU\TPU\tpu\21914
|
| 090 |
|
|
|a 491775
|
| 100 |
|
|
|a 20121129a1980 k y0rusy50 ca
|
| 101 |
0 |
|
|a rus
|
| 102 |
|
|
|a RU
|
| 200 |
1 |
|
|a Позитрониевые состояния в F-центрах ионных кристаллов
|f О. В. Боев, К. П. Арефьев
|
| 320 |
|
|
|a Библиогр.: с. 907 (8 назв.)
|
| 461 |
|
0 |
|0 (RuTPU)RU\TPU\prd\1660
|x 0030-4034
|t Оптика и спектроскопия
|o научный журнал
|f Академия наук СССР (АН СССР)
|d 1956-
|
| 463 |
|
0 |
|0 (RuTPU)RU\TPU\prd\160770
|t Т. 49, вып. 5
|v С. 903-907
|d 1980
|
| 610 |
1 |
|
|a труды учёных ТПУ
|
| 610 |
1 |
|
|a ионные кристаллы
|
| 610 |
1 |
|
|a кристаллы
|
| 700 |
|
1 |
|a Боев
|b О. В.
|c доктор физико-математических наук
|c директор Центра международных образовательных программ Томского политехнического университета
|g Олег Владимирович
|3 (RuTPU)RU\TPU\pers\26490
|
| 701 |
|
1 |
|a Арефьев
|b К. П.
|c физик
|c профессор Томского политехнического университета, доктор физико-математических наук
|c член-корреспондент РАЕН
|f 1947-
|g Константин Петрович
|3 (RuTPU)RU\TPU\pers\19765
|4 070
|9 7703
|
| 801 |
|
1 |
|a RU
|b 63413507
|c 20120913
|
| 801 |
|
2 |
|a RU
|b 63413507
|c 20121129
|g RCR
|
| 942 |
|
|
|c BK
|